Statistics for All Ice Type Moves

Click here to take the quiz!

General Stats

  • This quiz has been taken 65 times
  • The average score is 18 of 24

Answer Stats

CatagoryAnswer% Correct
SpecialBlizzard
98%
PhysicalIce Fang
98%
PhysicalIce Punch
98%
SpecialAurora Beam
94%
SpecialIce Beam
94%
PhysicalIce Shard
92%
SpecialIcy Wind
88%
StatusHail
87%
PhysicalAvalanche
81%
SpecialPowder Snow
81%
StatusAurora Veil
73%
SpecialFreeze Dry
73%
PhysicalIcicle Crash
73%
PhysicalIcicle Spear
69%
SpecialFrost Breath
65%
PhysicalIce Ball
65%
StatusMist
63%
SpecialGlaciate
60%
SpecialSheer Cold
60%
StatusHaze
58%
Z-MoveSubzero Slammer
56%
SpecialIce Burn
50%
PhysicalFreeze Shock
48%
PhysicalIce Hammer
38%

Score Distribution

Percentile by Number Answered

Percent of People with Each Score

Your Score History

You have not taken this quiz